Comparison of ground reaction forces as running speed increases between male and female runners

Introduction: The biomechanics associated with human running are affected by gender and speed. Knowledge regarding ground reaction force (GRF) at various running speeds is pivotal for the prevention of injuries related to running. This study aimed to investigate the gait pattern differences between...

Teljes leírás

Elmentve itt :
Bibliográfiai részletek
Szerzők: Jiang Xinyan
Bíró István
Sárosi József
Fang Yufei
Gu Yaodong
Dokumentumtípus: Cikk
Megjelent: 2024
Sorozat:FRONTIERS IN BIOENGINEERING AND BIOTECHNOLOGY 12
Tárgyszavak:
doi:10.3389/fbioe.2024.1378284

mtmt:35149482
Online Access:http://publicatio.bibl.u-szeged.hu/34388
LEADER 01336nab a2200265 i 4500
001 publ34388
005 20240801111248.0
008 240801s2024 hu o 000 eng d
022 |a 2296-4185 
024 7 |a 10.3389/fbioe.2024.1378284  |2 doi 
024 7 |a 35149482  |2 mtmt 
040 |a SZTE Publicatio Repozitórium  |b hun 
041 |a eng 
100 1 |a Jiang Xinyan 
245 1 0 |a Comparison of ground reaction forces as running speed increases between male and female runners  |h [elektronikus dokumentum] /  |c  Jiang Xinyan 
260 |c 2024 
300 |a 10 
490 0 |a FRONTIERS IN BIOENGINEERING AND BIOTECHNOLOGY  |v 12 
520 3 |a Introduction: The biomechanics associated with human running are affected by gender and speed. Knowledge regarding ground reaction force (GRF) at various running speeds is pivotal for the prevention of injuries related to running. This study aimed to investigate the gait pattern differences between males and females while running at different speeds, and to verify the relationship between GRFs and running speed among both males and females. 
650 4 |a Biológiai tudományok 
700 0 1 |a Bíró István  |e aut 
700 0 1 |a Sárosi József  |e aut 
700 0 1 |a Fang Yufei  |e aut 
700 0 1 |a Gu Yaodong  |e aut 
856 4 0 |u http://publicatio.bibl.u-szeged.hu/34388/1/fbioe-12-1378284.pdf  |z Dokumentum-elérés